Countries With 3+ 'A's - Statistics

General Stats
  • This quiz has been taken 44 times
    34 since last reset
  • The average score is 18 of 26
Answer Stats
# of 'A's Country % Correct
3 Australia
93%
3 Panama
86%
3 Afghanistan
83%
3 Canada
83%
3 Guatemala
79%
3 Kazakhstan
79%
3 Albania
76%
3 Central African Republic
76%
3 Papua New Guinea
76%
3 United Arab Emirates
76%
5 Antigua and Barbuda
72%
3 Azerbaijan
72%
3 Bosnia and Herzegovina
72%
4 Madagascar
72%
3 Nicaragua
72%
3 Trinidad and Tobago
72%
3 Bahamas
69%
4 Saudi Arabia
69%
3 Marshall Islands
66%
3 Malaysia
62%
3 Mauritania
62%
3 Tanzania
62%
3 Equatorial Guinea
55%
3 Jamaica
55%
3 Saint Vincent and the Grenadines
52%
3 Paraguay
48%
No matching quizzes found
Score Distribution
Percent of People with Each Score
Percentile by Number Answered
Your Score History
You have not taken this quiz since the last reset